000 00774nam a2200217 i 4500
001 103819
003 ES-MaACL
005 20230906183442.0
007 t|
008 051118s1962 sp a |||| | spa d
080 _a967.5
100 1 _aMerrian, Alan P.
_980595
245 1 3 _aEl Congo y la lucha por la independencia africana
_b: el precio de una paz /
_cpor A. P. Merrian; [traducción de Conrado Niell Sureda].
260 _aBarcelona :
_bHispano Europea,
_c1962.
300 _a420 p. :
_bil. ;
_c24 cm.
500 _aPrecede al tít.: Instituto de Estudios Europeos.
651 4 _aCongo (República Democrática)-
_xHistoria.
_9166738
700 1 _aNiell Sureda, Conrado.
_985634
710 1 _aInstituto de Estudios Europeos.
_94900
852 _aES-MaACL
_jC-22379
999 _c103819
_d103819